<?xml version="1.0" encoding="UTF-8"?>
<record
    xmlns:xsi="http://www.w3.org/2001/XMLSchema-instance"
    xsi:schemaLocation="http://www.loc.gov/MARC21/slim http://www.loc.gov/standards/marcxml/schema/MARC21slim.xsd"
    xmlns="http://www.loc.gov/MARC21/slim">

  <leader>01260nam a22002297a 4500</leader>
  <controlfield tag="003">KOHA_M&#x130;RAKIL</controlfield>
  <controlfield tag="005">20260416103615.0</controlfield>
  <controlfield tag="008">260416b        tu ||||| |||| 00| 0 tur d</controlfield>
  <datafield tag="020" ind1=" " ind2=" ">
    <subfield code="a">9786057331595</subfield>
  </datafield>
  <datafield tag="040" ind1=" " ind2=" ">
    <subfield code="a">TR-AnABB</subfield>
    <subfield code="b">tur</subfield>
    <subfield code="c">TR-AnABB</subfield>
  </datafield>
  <datafield tag="041" ind1=" " ind2=" ">
    <subfield code="a">tur</subfield>
  </datafield>
  <datafield tag="082" ind1=" " ind2=" ">
    <subfield code="a">352.007 2</subfield>
    <subfield code="b">BEL 2023</subfield>
  </datafield>
  <datafield tag="245" ind1="0" ind2="0">
    <subfield code="a">Belediye hizmetlerinde ilkeler /</subfield>
    <subfield code="c">Edit&#xF6;r : Emir Osmano&#x11F;lu</subfield>
  </datafield>
  <datafield tag="260" ind1=" " ind2=" ">
    <subfield code="a">Ankara :</subfield>
    <subfield code="b">&#x130;dealkent Yay&#x131;nlar&#x131;,</subfield>
    <subfield code="c">2023</subfield>
  </datafield>
  <datafield tag="300" ind1=" " ind2=" ">
    <subfield code="a">255 sayfa ;</subfield>
    <subfield code="c">20 cm</subfield>
  </datafield>
  <datafield tag="490" ind1="0" ind2=" ">
    <subfield code="a">&#x130;dealkent yay&#x131;nlar&#x131; ; </subfield>
    <subfield code="v">66</subfield>
  </datafield>
  <datafield tag="505" ind1=" " ind2=" ">
    <subfield code="a">&#x130;&#xE7;indekiler: Belediye hizmetlerinde ilkeler i&#xE7;in bir giri&#x15F; denemesi - Kent hakk&#x131;n&#x131; yeniden d&#xFC;&#x15F;&#xFC;nmek - iyi y&#xF6;neti&#x15F;im: kuram, ilkeler, mevzuat ve politika yap&#x131;m&#x131; - S&#xFC;rd&#xFC;r&#xFC;lebilir ve ya&#x15F;anabilir kentler ba&#x11F;lam&#x131;nda kent kimli&#x11F;i ve esteti&#x11F;i - G&#xFC;n&#xFC;m&#xFC;z kentinde ula&#x15F;&#x131;m problemlerine farkl&#x131; yakla&#x15F;&#x131;mlar - Ya&#x15F; dostu kentler ve aktif ya&#x15F;lanma - K&#xFC;resel sorunla yerel m&#xFC;cadele: Belediyelerin yoksullukla m&#xFC;cadelede kar&#x15F;&#x131;la&#x15F;t&#x131;klar&#x131; sorunlar ve &#xE7;&#xF6;z&#xFC;m &#xF6;nerileri - Hayvan haklar&#x131; - Dijitalle&#x15F;me &#xE7;a&#x11F;&#x131;da ak&#x131;ll&#x131; kentler ve co&#x11F;rafi bilgi sistemleri </subfield>
  </datafield>
  <datafield tag="650" ind1="0" ind2="4">
    <subfield code="a">Yerel y&#xF6;netim ilkeleri</subfield>
  </datafield>
  <datafield tag="700" ind1="1" ind2=" ">
    <subfield code="a">Osmano&#x11F;lu, Emir,</subfield>
    <subfield code="e">edit&#xF6;r</subfield>
    <subfield code="9">3488</subfield>
  </datafield>
  <datafield tag="900" ind1=" " ind2=" ">
    <subfield code="b">Can &#xC7;ELIK</subfield>
  </datafield>
  <datafield tag="942" ind1=" " ind2=" ">
    <subfield code="2">ddc</subfield>
    <subfield code="c">BK</subfield>
  </datafield>
  <datafield tag="952" ind1=" " ind2=" ">
    <subfield code="0">0</subfield>
    <subfield code="1">0</subfield>
    <subfield code="2">ddc</subfield>
    <subfield code="7">0</subfield>
    <subfield code="a">RUK</subfield>
    <subfield code="b">RUK</subfield>
    <subfield code="d">2026-04-16</subfield>
    <subfield code="l">0</subfield>
    <subfield code="o">352.007 2 BEL 2023</subfield>
    <subfield code="p">RK7169</subfield>
    <subfield code="r">2026-04-16 06:51:31</subfield>
    <subfield code="w">2026-04-16</subfield>
    <subfield code="y">BK</subfield>
  </datafield>
  <datafield tag="999" ind1=" " ind2=" ">
    <subfield code="c">10279</subfield>
    <subfield code="d">10279</subfield>
  </datafield>
</record>
